000 00514nam a2200193Ia 4500
003 OSt
005 20200622093315.0
008 190216s9999||||xx |||||||||||||| ||und||
020 _a9780333907856
040 _coclc
082 _a954
_bALI/H
100 _a Ali, B Sheik
_92345
245 0 _aHistory Its Theory And Method /
_cB Sheik Ali
250 _a2nd Ed.
260 _bMacmillan,
_c2008.
_aDelhi:
300 _a418p
650 _aHistory
942 _cBK
_2ddc
_h954
_iALI/H
_k954
_mALI/H
999 _c21320
_d21320